000 00713nam a2200229Ia 4500
999 _c3456
_d3456
008 251022t2023||||uk |||||||||||||| ||und||
020 _a9781292436845
_c£ 56.99
040 _aKO
_beng
044 _axxk
082 0 4 _a519.5024658
_bN426
_223
100 1 _aNewbold, Paul
245 1 0 _aStatistics for business and economics /
_cPaul Newbold, William L. Carlson and Betty M. Thorne
250 _a10th global ed.
260 _aHarlow (UK):
_bPearson education limited,
_c2023
300 _a796 p.
_b : ill.
_c; 27 cm.
650 0 _aEconomics
_xStatistical methods.
_vTextbooks
700 _aCarlson, William L.
_eaut
700 _aThorne, Betty M.
_eaut
904 _aA_BOSE
942 _cBK
_2ddc